Environmentálny manažérsky systém a zelený marketing
Environmentálny manažérsky systém ISO 14 000. Zelený marketing a ekodesign. Ekodesign ako súčasť manažérskeho systému a zeleného marketingu. Stratégie ekodesignu. Ekonomické a marketingové dopady zavedenia manažérskeho systému.
Salvato in:
| Autore principale: | |
|---|---|
| Altri autori: | , |
| Natura: | Capitolo di libro |
| Lingua: | slovacco |
| Soggetti: | |
| Tags: |
Nessun Tag, puoi essere il primo ad aggiungerne!!
|
MARC
| LEADER | 00000nla$a2200000$$$4500 | ||
|---|---|---|---|
| 001 | 0142886 | ||
| 005 | 20240502072549.0 | ||
| 041 | 0 | |a slo | |
| 044 | |a SK | ||
| 245 | 1 | 0 | |a Environmentálny manažérsky systém a zelený marketing |c Tomáš Bačo, Silvia Megyesiová, Anna Moščáková |
| 520 | |a Environmentálny manažérsky systém ISO 14 000. Zelený marketing a ekodesign. Ekodesign ako súčasť manažérskeho systému a zeleného marketingu. Stratégie ekodesignu. Ekonomické a marketingové dopady zavedenia manažérskeho systému. | ||
| 610 | 2 | 0 | |a systémy riadenia |
| 610 | 2 | 0 | |a manažment environmentálny |
| 610 | 2 | 0 | |a marketing environmentálny |
| 610 | 2 | 0 | |a prostredie životné |
| 610 | 2 | 0 | |a normy ISO |
| 100 | 1 | |a Bačo, Tomáš, 1981- | |
| 700 | 1 | |a Megyesiová, Silvia, 1969- | |
| 700 | 1 | |a Moščáková, Anna, 1987- | |